FAO/ILO/IMCO Voluntary Guidelines For The Design, Construction, And Equipment Of Small Fishing Vessels / (Record no. 3648)

000 -LEADER
fixed length control field 00427nam a22001457a 4500
008 - FIXED-LENGTH DATA ELEMENTS--GENERAL INFORMATION
fixed length control field 200624b ||||| |||| 00| 0 eng d
020 ## - INTERNATIONAL STANDARD BOOK NUMBER
International Standard Book Number 9280111035
082 00 - DEWEY DECIMAL CLASSIFICATION NUMBER
Classification number 623.828
Item number I325
110 ## - MAIN ENTRY--CORPORATE NAME
9 (RLIN) 806
Corporate name or jurisdiction name as entry element IMCO
245 10 - TITLE STATEMENT
Title FAO/ILO/IMCO Voluntary Guidelines For The Design, Construction, And Equipment Of Small Fishing Vessels /
260 ## - PUBLICATION, DISTRIBUTION, ETC. (IMPRINT)
Place of publication, distribution, etc London
Name of publisher, distributor, etc IMCO
Date of publication, distribution, etc [n.d.]
300 ## - PHYSICAL DESCRIPTION
Extent 52 p.
650 #0 - SUBJECT ADDED ENTRY--TOPICAL TERM
Topical term or geographic name as entry element Fishing Boats
942 ## - ADDED ENTRY ELEMENTS (KOHA)
Item type Books
Holdings
Withdrawn status Lost status Source of classification or shelving scheme Damaged status Not for loan Permanent location Current location Date acquired Full call number Barcode Date last seen Koha item type
          IMU Kolkata IMU Kolkata 2020-06-24 623.828 I325 06590 2020-06-24 Books
          IMU Kolkata IMU Kolkata 2020-06-24 623.828 I325 06591 2020-06-24 Books
Designed and Maintained by IMU-KC Library, Kolkata Campus © Copyright All Rights Reserved

webs counters

Powered by Koha